000 01059nam a22002777a 4500
001 06365
003 HDC
007 cr bn ---aaaaa
008 210123b20012001xxu||||| |||| 00| 0 eng d
020 _a0849370086
040 _aHDC
100 _aHorswill, Craig A.
_eauthor
_96731
245 0 _aOther Ingredients: Role in the Nutrition of Athletes
_c/ Craig A. Horswill
260 _aUnited States:
_bCRC Press,
_c2001
300 _a1 online resource (31 pages)
336 _atext
_2rdacontent
337 _acomputer
_2rdamedia
338 _aonline resource
_2rdacarrier
500 _aOriginally from: Sports drinks : basic science and practical aspects, 2001 (pages 225-255)
_aIncludes bibliographical references
650 _aAthletes
_xNutrition
_96732
650 _aPhysical fitness
_xNutritional aspects
_96733
856 _zRequest full-text at [email protected]
942 _2lcc
942 _cCHAP
942 _kEBCH-2001-004251
999 _c3689
_d3689